El pintor de delirios / (Registro nro. 114)
[ vista simple ]
| 000 -LEADER | |
|---|---|
| fixed length control field | 01535nam a22002057a 4500 |
| 003 - CONTROL NUMBER IDENTIFIER | |
| control field | OSt |
| 005 - DATE AND TIME OF LATEST TRANSACTION | |
| control field | 20240408102817.0 |
| 008 - FIXED-LENGTH DATA ELEMENTS--GENERAL INFORMATION | |
| fixed length control field | 231010s2009 ag ||||| |||| 00| 1 spa d |
| 020 ## - INTERNATIONAL STANDARD BOOK NUMBER | |
| International Standard Book Number | 9789879267516 |
| 040 ## - CATALOGING SOURCE | |
| Transcribing agency | besoc |
| 100 ## - MAIN ENTRY--PERSONAL NAME | |
| Personal name | Ferroggiaro, Federico, |
| Dates associated with a name | (1976-), |
| Relator term | autor |
| 245 13 - TITLE STATEMENT | |
| Title | El pintor de delirios / |
| Statement of responsibility, etc. | Federico Ferroggiaro |
| 250 ## - EDITION STATEMENT | |
| Edition statement | 1a ed. |
| 260 ## - PUBLICATION, DISTRIBUTION, ETC. | |
| Place of publication, distribution, etc. | Rosario : |
| Name of publisher, distributor, etc. | emr, |
| Date of publication, distribution, etc. | 2009 |
| 300 ## - PHYSICAL DESCRIPTION | |
| Extent | 214 p. |
| 505 0# - FORMATTED CONTENTS NOTE | |
| Formatted contents note | La pierna y el juego -- La carga -- Peón 4 Rey -- Terminal -- Lev Tanchevsky, el pintor de delirios -- La mansión de Sibyl Vane -- Curtius J. Santos, Oscar al Mejor actor de Reparto.- |
| 520 ## - SUMMARY, ETC. | |
| Summary, etc. | Es una serie de relatos que cargan todo el peso y la ciencia de la estética realista pero no se someten por completo a sus convenciones, Federico Ferroggiaro logra en El pintor de delirios, a fuerza de invención y soltura simpática, una vuelta de tuerca sobre dos mecanismos narrativos capitales: la pintura de ambientes, la construcción de personajes. Ya sea en esos pueblos cuya parsimonia rural revierte en apuestas insólitas, en intrigas calculadas en presencias fantasmas, como en los escenarios urbanos que hacen de la urgencia, el aturdimiento, el equívoco, los núcleos fuertes de las historias, los cuentos de este libro crean climas y fundan caracteres; como si en la tensión siempre en alza de sus componentes, el mundo entero ganara, en un mismo y exacto movimiento, su razón y su extravío. [Nota del editor] |
| 650 #4 - SUBJECT ADDED ENTRY--TOPICAL TERM | |
| Topical term or geographic name entry element | Literatura argentina |
| Form subdivision | Relatos |
| General subdivision | Siglo XXI |
| 942 ## - ADDED ENTRY ELEMENTS (KOHA) | |
| Source of classification or shelving scheme | Universal Decimal Classification |
| Koha item type | Obra General |
| Suppress in OPAC | No |
| Withdrawn status | Lost status | Source of classification or shelving scheme | Damaged status | Not for loan | Collection | Home library | Current library | Date acquired | Total checkouts | Full call number | Barcode | Date last seen | Price effective from | Koha item type |
|---|---|---|---|---|---|---|---|---|---|---|---|---|---|---|
| Universal Decimal Classification | Colección General | Biblioteca Escuela de Ciencias Sociales | Biblioteca Escuela de Ciencias Sociales | 11/10/2023 | 82-32 (821.6) F395 | 000049 | 11/10/2023 | 11/10/2023 | Obra General |